2022 Albums by album cover - Statistics

General Stats
  • This quiz has been taken 4 times
  • The average score is 12 of 14
Answer Stats
Picture Answer % Correct
Gemini Rights
100%
Harry's House
100%
Honestly, Nevermind
100%
I Never Liked You
100%
Mr. Morale & The Big Steppers
100%
Patient Number 9
100%
RENAISSANCE
100%
Un Verano Sin Ti
100%
Familia
75%
Her Loss
75%
Heroes & Villains
75%
NO STYLIST
50%
Red & White
50%
Twelve Carat Toothache
50%
No matching quizzes found
Score Distribution
Percent of People with Each Score
Percentile by Number Answered
Your Score History
You have not taken this quiz